[Event "14e Open International de la Reunion"]
[Site "St Denis"]
[Date "2012.10.13"]
[Round "9.25"]
[White "Sandjivy, Mateo"]
[Black "Deurvillier, Martial"]
[Result "0-1"]
[WhiteElo "1360"]
[BlackElo "1620"]
[PlyCount "68"]
[EventDate "2012.??.??"]

1. e4 e6 2. Nf3 d5 3. Nc3 Nf6 4. exd5 exd5 5. d4 Bb4 6. Bd2 O-O 7. a3 Ba5 8. b4
Bb6 9. Bg5 c6 10. Ne5 Be6 11. Na4 h6 12. Nxb6 axb6 13. Bxf6 Qxf6 14. Bd3 Nd7
15. Qe2 Rfe8 16. O-O Bf5 17. Bxf5 Qxf5 18. Rfe1 f6 19. Qd2 fxe5 20. Re3 exd4
21. Rg3 Qf6 22. Rb1 Re6 23. Rbb3 Rae8 24. h3 Re2 25. Rbf3 Rxd2 26. Rxf6 Nxf6
27. c3 dxc3 28. Rxc3 Ree2 29. Rf3 Ne4 30. Kh2 Rxf2 31. Re3 Rxg2+ 32. Kh1 Ra2
33. h4 Rgd2 34. Rh3 Rd1# 0-1

[Event "14e Open International de la Reunion"]
[Site "St Denis"]
[Date "2012.10.13"]
[Round "9.26"]
[White "Fontaine, Willy"]
[Black "Artigaud, Laurent"]
[Result "1-0"]
[WhiteElo "1610"]
[BlackElo "1500"]
[PlyCount "107"]
[EventDate "2012.??.??"]

1. e4 c6 2. Nf3 d5 3. e5 Bf5 4. d4 e6 5. a3 Ne7 6. Bd3 Bxd3 7. Qxd3 Nd7 8. Bg5
Qb6 9. b4 h6 10. Bxe7 Bxe7 11. O-O O-O 12. Nbd2 a5 13. bxa5 Rxa5 14. Rfb1 Qc7
15. a4 c5 16. c3 c4 17. Qc2 Rfa8 18. Rb2 b6 19. h3 R5a6 20. h4 Ra5 21. h5 b5
22. Rba2 b4 23. cxb4 Bxb4 24. Qb1 Bc3 25. g4 Bxa1 26. Qxa1 Nb6 27. g5 hxg5 28.
Nxg5 Rxa4 29. Qb1 Rxa2 30. Qh7+ Kf8 31. h6 gxh6 32. Nxe6+ Ke7 33. Nxc7 Rxd2 34.
Nxa8 c3 35. Qxh6 Rd1+ 36. Kg2 Nxa8 37. Qd6+ Ke8 38. Qc6+ Ke7 39. Qxc3 Kd7 40.
Qb4 Kc8 41. Qc5+ Kb7 42. Qxd5+ Ka7 43. Qxf7+ Ka6 44. d5 Nb6 45. d6 Rd4 46. Qa2+
Kb7 47. Qb2 Rd5 48. f4 Kc6 49. f5 Nc8 50. f6 Nxd6 51. exd6 Rxd6 52. f7 Rd8 53.
Qf6+ Kd7 54. Qxd8+ 1-0

[Event "14e Open International de la Reunion"]
[Site "St Denis"]
[Date "2012.10.13"]
[Round "9.27"]
[White "Tang Hon Yue, Thibault"]
[Black "Weber, Richard"]
[Result "1-0"]
[WhiteElo "1506"]
[BlackElo "1811"]
[PlyCount "105"]
[EventDate "2012.??.??"]

1. d4 e6 2. c4 c5 3. e3 Nf6 4. Nf3 Be7 5. Be2 d5 6. b3 cxd4 7. Nxd4 Qa5+ 8. Bd2
Bb4 9. O-O Bxd2 10. Qxd2 Qxd2 11. Nxd2 Bd7 12. cxd5 Nxd5 13. Rac1 Nc6 14. a3
Nxd4 15. exd4 Ke7 16. Bc4 Nf4 17. g3 Nh3+ 18. Kg2 Ng5 19. Rfe1 f6 20. f4 b5 21.
Bd5 Nf7 22. Bxa8 Rxa8 23. d5 e5 24. Nf3 Kd6 25. fxe5+ fxe5 26. b4 a5 27. Red1
axb4 28. axb4 Ra2+ 29. Rd2 Rxd2+ 30. Nxd2 Kxd5 31. Rc5+ Kd4 32. Kf2 g5 33. Rc7
Be6 34. Nf3+ Kd3 35. Rxf7 e4 36. Re7 e3+ 37. Ke1 Bf5 38. Nxg5 h6 39. Nf3 Kc4
40. Rxe3 Kxb4 41. Nd4 Bd7 42. Nxb5 Kxb5 43. Re5+ Kc6 44. Rh5 Kd6 45. Rxh6+ Ke5
46. Kf2 Kf5 47. Rh4 Kg5 48. Kf3 Bc6+ 49. Re4 Kf5 50. g4+ Kg5 51. h3 Kh4 52. Kf4
Be8 53. Rxe8 1-0

[Event "14e Open International de la Reunion"]
[Site "St Denis"]
[Date "2012.10.13"]
[Round "9.28"]
[White "Herrero, Alain"]
[Black "Cazal, Vincent"]
[Result "1-0"]
[WhiteElo "1726"]
[BlackElo "1490"]
[PlyCount "67"]
[EventDate "2012.??.??"]

1. d4 c6 2. c4 d5 3. Nf3 Bf5 4. e3 e6 5. Nc3 Bb4 6. a3 Bxc3+ 7. bxc3 Nf6 8. Qb3
Qc7 9. Nh4 Bg6 10. a4 Nbd7 11. Ba3 a5 12. cxd5 exd5 13. Rc1 Nb6 14. Nxg6 hxg6
15. Rb1 Nfd7 16. h3 Rb8 17. Be2 Nc8 18. c4 Nf6 19. O-O g5 20. f4 Ne4 21. Qc2
Ng3 22. Rf3 Nxe2+ 23. Qxe2 dxc4 24. Qxc4 Nd6 25. Qd3 gxf4 26. Rxf4 Qe7 27. e4
Qg5 28. Bxd6 Rd8 29. Rg4 Qf6 30. Bc5 Rh5 31. Qe3 Rd7 32. Qg3 g6 33. Rf1 Qe6 34.
Rxg6 1-0

[Event "14e Open International de la Reunion"]
[Site "St Denis"]
[Date "2012.10.13"]
[Round "9.29"]
[White "Han Yee Yu, Jerome"]
[Black "Romain, Juliane"]
[Result "1-0"]
[WhiteElo "1603"]
[BlackElo "1367"]
[PlyCount "65"]
[EventDate "2012.??.??"]

1. e4 e5 2. Nf3 Nc6 3. Nc3 Bc5 4. d3 Nf6 5. Bg5 d6 6. Be2 Bg4 7. O-O h6 8. Bh4
g5 9. Bg3 Nd4 10. Nxd4 Bxd4 11. Bxg4 h5 12. Bxh5 Nxh5 13. Qf3 Bxc3 14. bxc3 Qf6
15. Qxf6 Nxf6 16. Rae1 O-O-O 17. f3 Nd7 18. d4 f6 19. dxe5 dxe5 20. Bf2 Rhf8
21. Be3 c6 22. g3 a6 23. Rd1 Rh8 24. Rd2 c5 25. Rfd1 c4 26. Rb1 Rh7 27. Rb4 Nb8
28. Rxc4+ Nc6 29. Rxd8+ Kxd8 30. Rc5 Rd7 31. Rd5 Rxd5 32. exd5 Na5 33. Bb6+ 1-0

[Event "14e Open International de la Reunion"]
[Site "St Denis"]
[Date "2012.10.13"]
[Round "9.30"]
[White "Karcher, Roger"]
[Black "Singuina, Yvan"]
[Result "0-1"]
[WhiteElo "1570"]
[BlackElo "1350"]
[PlyCount "41"]
[EventDate "2012.??.??"]

1. c4 e5 2. g3 Nf6 3. b3 Nc6 4. Nc3 Bc5 5. Bg2 d6 6. Bb2 Bf5 7. d3 Qd7 8. a3 a6
9. e3 O-O 10. b4 Ba7 11. Nf3 h6 12. h4 Rfe8 13. Ng1 Qe6 14. Qd2 e4 15. dxe4
Nxe4 16. O-O-O Qxc4 17. Qd5 Qxd5 18. Nxd5 Nxf2 19. Nxc7 Nxh1 20. Nxa8 Bxe3+ 21.
Rd2 0-1

[Event "14e Open International de la Reunion"]
[Site "St Denis"]
[Date "2012.10.13"]
[Round "9.31"]
[White "Ringayen, Rose-May"]
[Black "Rivolo, Anne-Claire"]
[Result "0-1"]
[WhiteElo "1567"]
[BlackElo "1470"]
[PlyCount "148"]
[EventDate "2012.??.??"]

1. e4 e5 2. Nf3 d6 3. d4 exd4 4. Qxd4 Nc6 5. Bb5 Bd7 6. Bxc6 Bxc6 7. Nc3 Nf6 8.
O-O Be7 9. e5 dxe5 10. Qxd8+ Rxd8 11. Nxe5 Bd7 12. Bg5 c6 13. Rad1 Bf5 14. Bxf6
Bxf6 15. Rfe1 O-O 16. Rxd8 Rxd8 17. g4 Bxc2 18. Nd7 Bd4 19. Ne5 Re8 20. Nf3
Rxe1+ 21. Nxe1 Bg6 22. Nf3 c5 23. Nxd4 cxd4 24. Ne2 d3 25. Nc3 d2 26. Kf1 Bd3+
27. Kg1 Be2 28. h3 Kf8 29. f4 Ke7 30. Kf2 d1=Q 31. Nxd1 Bxd1 32. Ke3 g6 33. g5
f6 34. h4 Ke6 35. Ke4 Bc2+ 36. Kf3 Kf5 37. b4 fxg5 38. fxg5 Ke5 39. a3 Bd1+ 40.
Kg3 Ke4 41. b5 Ke3 42. Kg2 Kf4 43. Kf2 Kg4 44. Ke3 Ba4 45. Kd4 Bxb5 46. Kc5 Bc6
47. Kd4 Kxh4 48. Ke3 Kg3 49. Ke2 Kf4 50. Kf2 Kxg5 51. Kg3 Bd7 52. a4 h5 53. a5
h4+ 54. Kh2 b5 55. axb6 axb6 56. Kg2 h3+ 57. Kh2 b5 58. Kg3 b4 59. Kh2 Bc6 60.
Kxh3 b3 61. Kg3 Kf5 62. Kf2 b2 63. Ke3 b1=Q 64. Kd4 Qd1+ 65. Kc5 Qd5+ 66. Kb4
Qd4+ 67. Kb3 Ba4+ 68. Ka2 Qc4+ 69. Ka1 Bc2 70. Kb2 Qb3+ 71. Kc1 Bd3 72. Kd2 Kf4
73. Ke1 Qb1+ 74. Kf2 Qf1# 0-1

[Event "14e Open International de la Reunion"]
[Site "St Denis"]
[Date "2012.10.13"]
[Round "9.32"]
[White "Hoareau, Noe"]
[Black "Chan-Faye, Yoann"]
[Result "0-1"]
[WhiteElo "1420"]
[BlackElo "1532"]
[PlyCount "44"]
[EventDate "2012.??.??"]

1. e4 c5 2. c3 d6 3. d4 cxd4 4. cxd4 Nc6 5. Nf3 Nf6 6. Nc3 g6 7. Bg5 Bg7 8. e5
dxe5 9. dxe5 Nd7 10. Bc4 Ncxe5 11. Nxe5 Bxe5 12. Qf3 Nf6 13. Rd1 Qc7 14. Bxf6
Bxf6 15. Bb5+ Kf8 16. O-O Be6 17. Rd2 Kg7 18. h3 Rhd8 19. Rxd8 Rxd8 20. Ne4
Bxb2 21. a4 Bd5 22. Bd3 f5 0-1

[Event "14e Open International de la Reunion"]
[Site "St Denis"]
[Date "2012.10.13"]
[Round "9.33"]
[White "Le Maguet, Loan"]
[Black "Artigaud, Daniel"]
[Result "0-1"]
[WhiteElo "1270"]
[BlackElo "1430"]
[PlyCount "116"]
[EventDate "2012.??.??"]

1. e4 c6 2. d4 d5 3. Nc3 dxe4 4. Nxe4 Bf5 5. Bd3 Qxd4 6. Ne2 Qd8 7. O-O e6 8.
N2c3 Nd7 9. Re1 Qc7 10. Qf3 Bxe4 11. Bxe4 Ngf6 12. Bf4 Bd6 13. Bxd6 Qxd6 14.
Rad1 Qc7 15. Qg3 Qxg3 16. hxg3 O-O 17. g4 Nxe4 18. Nxe4 Nb6 19. Nd6 Rab8 20.
Rd2 h6 21. Red1 Rfd8 22. Ne4 Rxd2 23. Rxd2 Kf8 24. b3 Ke7 25. Kf1 Nd7 26. f4
Nf6 27. Nxf6 Kxf6 28. Rd7 g5 29. g3 a5 30. Ke2 b6 31. Ke3 c5 32. f5 exf5 33.
gxf5 Re8+ 34. Kf3 Kxf5 35. Rxf7+ Kg6 36. Rb7 Re6 37. Rd7 Rf6+ 38. Kg4 h5+ 39.
Kh3 g4+ 40. Kg2 Re6 41. Kf2 Rf6+ 42. Kg2 Kg5 43. Rd5+ Rf5 44. c4 Kg6 45. Rd6+
Rf6 46. Rxf6+ Kxf6 47. a4 Kg5 48. Kg1 h4 49. gxh4+ Kxh4 50. Kh2 g3+ 51. Kg2 Kg4
52. b4 axb4 53. a5 bxa5 54. Kf1 Kf4 55. Kg2 Ke4 56. Kxg3 Kd4 57. Kf2 Kxc4 58.
Ke2 Kc3 0-1

[Event "14e Open International de la Reunion"]
[Site "St Denis"]
[Date "2012.10.13"]
[Round "9.34"]
[White "Caro, Vincent"]
[Black "Dennemont, Bruno"]
[Result "1-0"]
[WhiteElo "1280"]
[BlackElo "1499"]
[PlyCount "109"]
[EventDate "2012.??.??"]

1. e4 e5 2. Nf3 Nc6 3. Bb5 Nge7 4. d3 f6 5. O-O d6 6. d4 Bd7 7. dxe5 fxe5 8.
Bc4 Na5 9. Bd3 Ng6 10. Bd2 c5 11. Qe1 Nc6 12. Bc4 Be7 13. Qc1 Nd4 14. Nxd4 cxd4
15. c3 Rc8 16. Bd5 b6 17. Qe1 Bg5 18. a4 Bxd2 19. Qxd2 Nf4 20. cxd4 Qg5 21. f3
Nh3+ 22. Kh1 Qxd2 23. Nxd2 Ng5 24. dxe5 dxe5 25. Rfc1 Ke7 26. Kg1 Be6 27. Bxe6
Nxe6 28. Kf2 Nd4 29. Rc4 Rhd8 30. Rac1 a6 31. Rxc8 Rxc8 32. Rxc8 Kd7 33. Ra8 a5
34. Ke3 Nc2+ 35. Kd3 Ne1+ 36. Kc4 Kc6 37. Rg8 g6 38. Rg7 Nxg2 39. Rxh7 Nf4 40.
Rh8 Ne6 41. Rg8 g5 42. Re8 Nc5 43. b3 Nd7 44. Rg8 Nf6 45. Rg6 Kd7 46. Rxf6 Ke7
47. Rxb6 g4 48. fxg4 Kf7 49. Kb5 Ke7 50. Kxa5 Kd7 51. Kb5 Kc7 52. Kc5 Kc8 53.
a5 Kd7 54. a6 Kc7 55. a7 1-0

[Event "14e Open International de la Reunion"]
[Site "St Denis"]
[Date "2012.10.13"]
[Round "9.35"]
[White "Ringayen, Francinel"]
[Black "Sandjivy, Jean Marc"]
[Result "0-1"]
[WhiteElo "1180"]
[BlackElo "1392"]
[PlyCount "92"]
[EventDate "2012.??.??"]

1. e4 c5 2. Nf3 d6 3. Bb5+ Nd7 4. e5 dxe5 5. Nxe5 a6 6. Qf3 Ngf6 7. Nxd7 Nxd7
8. Bxa6 Rxa6 9. O-O Rf6 10. Qd5 Qc7 11. g3 b6 12. Qa8 e6 13. Nc3 Ne5 14. Nb5
Qd7 15. Na7 Kd8 16. Re1 Nf3+ 17. Kf1 Nxe1 18. Kxe1 g6 19. d3 h6 20. Nc6+ Kc7
21. Bf4+ Rxf4 22. Ne5 Ra4 23. Qf3 Bb7 24. Qf6 Qd5 25. Qxf7+ Kd6 26. Nxg6 Qh1+
27. Kd2 Qxa1 28. Nxh8 Be7 29. Ng6 Bd8 30. Qf8+ Kc7 31. Qg7+ Kc8 32. Ne5 Rd4 33.
Qf7 Qxa2 34. Nc4 Qxc4 35. Qg6 Bd5 36. b3 Qa6 37. c4 Qa2+ 38. Ke3 Qxb3 39. cxd5
Qxd5 40. f4 c4 41. dxc4 Qxc4 42. g4 Qc3+ 43. Qd3 Qxd3+ 44. Kf2 Qc3 45. Ke2 Rd2+
46. Ke1 Qc1# 0-1

[Event "14e Open International de la Reunion"]
[Site "St Denis"]
[Date "2012.10.13"]
[Round "9.36"]
[White "Sandjivy, Vivien"]
[Black "Noel, Philippe"]
[Result "1/2-1/2"]
[WhiteElo "1100"]
[BlackElo "1380"]
[PlyCount "111"]
[EventDate "2012.??.??"]

1. Nf3 d6 2. d4 Nf6 3. Nc3 c6 4. a4 Bg4 5. Ng5 h6 6. Nge4 e6 7. Qd2 Bf5 8.
Nxf6+ Qxf6 9. e4 Bh7 10. Qe3 e5 11. dxe5 dxe5 12. Bc4 Bb4 13. Bd2 O-O 14. O-O
Nd7 15. a5 Bc5 16. Qd3 Rad8 17. Ra4 Nb6 18. Qe2 Nxa4 19. Nxa4 Be7 20. Bc3 Qg5
21. Qf3 Qf4 22. Qe2 Bxe4 23. g3 Qf3 24. Qxf3 Bxf3 25. Bxe5 Rd2 26. Bd3 Rd1 27.
Rxd1 Bxd1 28. Nc3 Bf3 29. Be4 Bg4 30. Kg2 Rd8 31. h3 Be6 32. b3 f6 33. Bc7 Rd7
34. Bf4 f5 35. Bf3 g5 36. Be5 h5 37. Bxh5 g4 38. hxg4 fxg4 39. Bg6 Bb4 40. Ne4
Bd5 41. Kg1 Re7 42. Nf6+ Kg7 43. Nxd5+ Rxe5 44. Nf4 Re1+ 45. Kg2 Bxa5 46. b4
Bxb4 47. Nd3 Rb1 48. c4 Bd6 49. Be4 Ra1 50. Nb2 a5 51. Bc2 Ra2 52. Nd1 Rxc2 53.
Ne3 Rc3 54. Nf5+ Kf6 55. Nxd6 b6 56. Ne4+ 1/2-1/2

[Event "14e Open International de la Reunion"]
[Site "St Denis"]
[Date "2012.10.13"]
[Round "9.37"]
[White "Atlan, Yoram"]
[Black "Cazal, Julian"]
[Result "0-1"]
[WhiteElo "1299"]
[BlackElo "1130"]
[PlyCount "48"]
[EventDate "2012.??.??"]

1. e4 e5 2. Nf3 Nc6 3. Bb5 Nge7 4. Bxc6 Nxc6 5. O-O Bd6 6. d4 O-O 7. dxe5 Nxe5
8. Nxe5 Bxe5 9. Qg4 d6 10. Qf3 Qh4 11. g3 Qh3 12. Nc3 Bg4 13. Qg2 Qh5 14. f4
Bd4+ 15. Kh1 Bh3 16. Qf3 Qa5 17. Rd1 Bb6 18. g4 d5 19. Qxh3 dxe4 20. Nxe4 Rad8
21. Rxd8 Qe1+ 22. Kg2 Rxd8 23. Ng5 Qf2+ 24. Kh1 Qg1# 0-1

[Event "14e Open International de la Reunion"]
[Site "St Denis"]
[Date "2012.10.13"]
[Round "9.38"]
[White "Francois, Robert"]
[Black "Ah Soune, Alexandra"]
[Result "1/2-1/2"]
[WhiteElo "1530"]
[BlackElo "1090"]
[PlyCount "47"]
[EventDate "2012.??.??"]

1. Nf3 Nc6 2. c4 e5 3. d4 exd4 4. Nxd4 Nxd4 5. Qxd4 a6 6. e4 d6 7. Be2 c5 8.
Qc3 Be7 9. Qc2 Nf6 10. Nc3 h6 11. Bf4 O-O 12. O-O-O Qc7 13. h3 Be6 14. g4 g5
15. Bg3 b6 16. f4 Nh7 17. f5 Bd7 18. Nd5 Qd8 19. Rhf1 Bc6 20. e5 f6 21. Nxe7+
Qxe7 22. Rxd6 Rac8 23. Qc3 fxe5 24. Bxe5 1/2-1/2

[Event "14e Open International de la Reunion"]
[Site "St Denis"]
[Date "2012.10.12"]
[Round "8.12"]
[White "Mablouke, Ulrich"]
[Black "Rabe Andrianandrasan, Haingo"]
[Result "1/2-1/2"]
[WhiteElo "1785"]
[BlackElo "1978"]
[PlyCount "128"]
[EventDate "2012.??.??"]

1. e4 e5 2. f4 exf4 3. Nf3 Nc6 4. Nc3 Bb4 5. Bc4 d6 6. d3 Bg4 7. Bxf4 Qf6 8.
Bg3 Bxc3+ 9. bxc3 Qxc3+ 10. Kf2 Bh5 11. Re1 Nf6 12. e5 Ng4+ 13. Kg1 {
Suite non lisible} Ngxe5 14. Bxe5 dxe5 15. Rf1 O-O 16. Qc1 e4 17. Ng5 Qd4+ 18.
Kh1 e3 19. Qe1 e2 20. Rb1 exf1=Q+ 21. Qxf1 b6 22. Re1 Rae8 23. Rxe8 Rxe8 24.
Bxf7+ Kh8 25. Bxe8 Qf6 26. Qxf6 gxf6 27. Bxc6 fxg5 28. g3 Bd1 29. c3 Kg7 30.
Kg2 Kf6 31. d4 Ke6 32. Kf2 Kd6 33. Be4 h6 34. Ke3 a5 35. a3 c5 36. Bd3 Bg4 37.
Ke4 cxd4 38. Kxd4 Bd7 39. Be4 h5 40. Bf3 h4 41. gxh4 gxh4 42. Be4 Bh3 43. Bd5
Bf1 44. Be4 Ke6 45. Bd5+ Kf5 46. Be4+ Kg4 47. Ke3 Kh3 48. Kf2 Bc4 49. Kg1 Kg4
50. Kf2 Kf4 51. Bf3 b5 52. Bg2 Bd3 53. Bf3 Be4 54. Be2 Bc6 55. Bd3 Bd7 56. Ke2
Bc6 57. Kf2 Ke5 58. Ke3 Kd5 59. Kf4 Bd7 60. Kg5 h3 61. Kf4 Kc5 62. Ke3 Be6 63.
Kd2 Bd5 64. Ke3 a4 {et nulle après encore quelques coups} 1/2-1/2